| 000 | 00764pam a2200253 i 4500 | ||
|---|---|---|---|
| 001 | 424894 | ||
| 003 | Nust | ||
| 005 | 20220829115511.0 | ||
| 008 | 810116s1981 nyu 000 1 eng | ||
| 010 | _a 81000638 | ||
| 020 |
_a9780330448468 _cRs. 495 |
||
| 038 | _aArshad | ||
| 040 |
_aDLC _cDLC _dDLC |
||
| 050 | 0 | 0 |
_aPR6053.O425 _bC47 1981 |
| 082 | 0 | 0 |
_a823 _bCOL |
| 100 | 1 |
_aCollins, Jackie. _912048 |
|
| 245 | 1 | 0 |
_aChances / _cJackie Collins. |
| 260 |
_aNew York, N.Y. : _bWarner Books : _bdistributed in the U.S. by Random House, _c1981. |
||
| 300 |
_a664 p. ; _c24 cm. |
||
| 650 |
_aDetective and mystery stories _vFiction _911086 |
||
| 650 |
_aOrganized crime _vFiction _911220 |
||
| 906 |
_a7 _bcbc _corignew _d1 _eocip _f19 _gy-gencatlg |
||
| 942 |
_2ddc _cBK |
||
| 999 |
_c174425 _d174425 |
||